Welcome to the Holygrace Academy Library

Please use search bar below to get started

KAVALAM KAVITHAKAL (Record no. 4174)

MARC details
000 -LEADER
fixed length control field 00330nam a22001337a 4500
082 ## - DEWEY DECIMAL CLASSIFICATION NUMBER
Classification number 894.812.1
Item number NAR/KG
100 ## - MAIN ENTRY--AUTHOR NAME
Personal name NARAYANAPPANIKKAR, KAVALAM
245 ## - TITLE STATEMENT
Title KAVALAM KAVITHAKAL
Remainder of title THIRUSADASS, SAMSKARIKA RANGAVEDHI
260 ## - PUBLICATION, DISTRIBUTION, ETC. (IMPRINT)
Place of publication VAIKKAM
Name of publisher THIRUSADASSU
Year of publication 1993
300 ## - PHYSICAL DESCRIPTION
Number of Pages 278
520 ## - SUMMARY, ETC.
Summary, etc POETRY
650 ## - SUBJECT ADDED ENTRY--TOPICAL TERM
Topical Term POETRY
942 ## - ADDED ENTRY ELEMENTS (KOHA)
Koha item type Books

No items available.